Sports Quiz

Random Sports or Clickable Quiz

MLB - Three-Team Matchup Quiz Stats

 Plays Quiz not verified by Sporcle

Score 0/27 Timer 10:00
0 Plays Today
% Correct
Wade Boggs
95.1%
Frank Thomas
90.2%
Larry Walker
90.2%
Carlos Delgado
89.2%
Albert Belle
88.2%
Paul Molitor
86.3%
Matt Williams
79.4%
Mo Vaughn
79.4%
Aaron Rowand
77.5%
Pat Burrell
75.5%
Mike Lowell
70.6%
Brian Giles
69.6%
Chuck Knoblauch
67.6%
Keith Hernandez
65.7%
% Correct
Luis Castillo
64.7%
B.J. Surhoff
63.7%
Garret Anderson
61.8%
Dale Murphy
60.8%
Javy Lopez
60.8%
John Kruk
59.8%
Ryan Klesko
52.9%
Bob Boone
52%
Brady Anderson
49%
Corey Koskie
47.1%
Trot Nixon
47.1%
Darin Erstad
45.1%
Willie Wilson
43.1%

You're not logged in!

Compare scores with friends on all Sporcle quizzes.
Join for Free
OR
Log In

You Might Also Like...

Show Comments

Extras

Top Quizzes Today


Score Distribution

Your Account Isn't Verified!

In order to create a playlist on Sporcle, you need to verify the email address you used during registration. Go to your Sporcle Settings to finish the process.

Report this User

Report this user for behavior that violates our Community Guidelines.

Details: